Sports information system of Manipur: a critical analysis (Record no. 20662)

MARC details
000 -LEADER
fixed length control field 00568nam a2200181Ia 4500
082 ## - DEWEY DECIMAL CLASSIFICATION NUMBER
Classification number TS.1063
100 ## - MAIN ENTRY--AUTHOR NAME
Personal name Singh, Laishram Nandakumar
245 #0 - TITLE STATEMENT
Title Sports information system of Manipur: a critical analysis
260 ## - PUBLICATION, DISTRIBUTION, ETC. (IMPRINT)
Year of publication 2009
Name of publisher Manipur University, Imphal
300 ## - PHYSICAL DESCRIPTION
Number of Pages vii, 198
504 ## - BIBLIOGRAPHY, ETC. NOTE
Bibliography, etc includes and bibliography
650 ## - SUBJECT ADDED ENTRY--TOPICAL TERM
Topical Term Sports
Geographic subdivision India
-- Manipur
650 ## - SUBJECT ADDED ENTRY--TOPICAL TERM
Topical Term Sports
Geographic subdivision India
-- Manipur
-- History
650 ## - SUBJECT ADDED ENTRY--TOPICAL TERM
Topical Term Sports
Form subdivision Information resources
Geographic subdivision India
-- Manipur
650 ## - SUBJECT ADDED ENTRY--TOPICAL TERM
Topical Term Sports
Form subdivision Information Services
Geographic subdivision India
710 ## - ADDED ENTRY--CORPORATE NAME
Corporate name or jurisdiction name as entry element Singh, Khomdon
942 ## - ADDED ENTRY ELEMENTS (KOHA)
Koha item type Thesis
Source of classification or shelving scheme Dewey Decimal Classification
Holdings
Withdrawn status Lost status Damaged status Not for loan Home library Current library Date acquired Source of acquisition Bill Date Full call number Accession Number Price effective from Koha item type
        NASSDOC Library NASSDOC Library 09/03/2012 AUTH 2012-02-22 TS.1063 47499 18/04/2019 Thesis